Viviendo a toda: jóvenes, territorios culturales y nuevas sensibilidades. III parte: Nuevas sensibilidades y consumos culturales: el caso del rock /

En su primera parte el artículo relaciona el consumo de rock en jóvenes rockeros con las experiencias emotivas que éste genera la segunda parte propone una conexión entre lo anterior y el componente mítico y ritual de la o las culturas y la tercera continúa la inquietud por la relación entre los mod...

সম্পূর্ণ বিবরণ

সংরক্ষণ করুন:
গ্রন্থ-পঞ্জীর বিবরন
প্রধান লেখক: Cubides C, Humberto J
অন্যান্য লেখক: Laverde Toscano, María Cristina, Valderrama H, Carlos Eduardo
বিন্যাস: অজ্ঞাত
প্রকাশিত: Santa Fé de Bogotá: Siglo del Hombre Editores. Universidad Central. Departamento de Investigaciones
বিষয়গুলি:
ট্যাগগুলো: ট্যাগ যুক্ত করুন
কোনো ট্যাগ নেই, প্রথমজন হিসাবে ট্যাগ করুন!

MARC

LEADER 00000 a2200000 04500
001 12081
003
008 991231s d
040
090 |a 141812  
100 |a Cubides C, Humberto J  
245 |a Viviendo a toda: jóvenes, territorios culturales y nuevas sensibilidades. III parte: Nuevas sensibilidades y consumos culturales: el caso del rock /  |c Humberto J. Cubides C. 
260 |a Santa Fé de Bogotá:   |b Siglo del Hombre Editores. Universidad Central. Departamento de Investigaciones  
300 |a xiii, 326 p.  
520 |a En su primera parte el artículo relaciona el consumo de rock en jóvenes rockeros con las experiencias emotivas que éste genera la segunda parte propone una conexión entre lo anterior y el componente mítico y ritual de la o las culturas y la tercera continúa la inquietud por la relación entre los modos de consumo del rock con las particularidades de la época que viven los jóvenes. DOC/LCL  
650 |a JUVENTUD  
650 |a MUSICA  
650 |a CULTURA  
650 |a SUBCULTURA  
650 |a CONSUMO  
700 |a   
700 |a Laverde Toscano, María Cristina  
700 |a   
700 |a Valderrama H, Carlos Eduardo  
999 |c 5457  |d 5457